[Event "2BLN 2324 SV Glückauf Rüdersdorf - Ham"]
[Site "?"]
[Date "2024.03.16"]
[Round "9.5"]
[White "Garner, Isaac"]
[Black "Dudzinski, Piotr"]
[Result "1/2-1/2"]
[WhiteElo "2294"]
[BlackElo "2341"]
[PlyCount "80"]
[EventDate "2024.??.??"]

1. d4 d5 2. c4 e6 3. Nf3 c6 4. g3 Nf6 5. Bg2 Be7 6. O-O O-O 7. Qc2 Nbd7 8. Nbd2 b6 9. e4 dxe4 10. Nxe4 Nxe4 11. Qxe4 Bb7 12. Rd1 Qc8 13. Bf4 c5 14. d5 Bf6 15. Ng5 Bxg5 16. Bxg5 exd5 17. cxd5 h6 18. Bd2 Nf6 19. Qh4 Qf5 20. Qf4 Qxf4 21. Bxf4 Rad8 22. d6 Bxg2 23. Kxg2 Rfe8 24. h4 Re6 25. Rd3 Nh5 26. Rad1 Nxf4+ 27. gxf4 Kf8 28. Kf3 g6 29. Rd5 Ke8 30. d7+ Ke7 31. R1d3 c4 32. R3d4 Rc6 33. Re4+ Kf8 34. f5 gxf5 35. Re2 c3 36. bxc3 Rxc3+ 37. Kf4 Rc7 38. Red2 Ke7 39. Re2+ Kf8 40. Red2 Ke7 1/2-1/2

[Event "2BLN 2324 SV Glückauf Rüdersdorf - Ham"]
[Site "?"]
[Date "2024.03.16"]
[Round "9.6"]
[White "Szadkowski, Kamil"]
[Black "Hommer, Jeremy"]
[Result "1/2-1/2"]
[WhiteElo "2259"]
[BlackElo "2295"]
[PlyCount "53"]
[EventDate "2024.??.??"]

1. e4 c6 2. d4 d5 3. e5 Bf5 4. Nf3 e6 5. Be2 Nd7 6. O-O c5 7. Be3 Ne7 8. c3 Nc6 9. Nbd2 Be7 10. c4 dxc4 11. Nxc4 O-O 12. Qb3 cxd4 13. Bxd4 Nxd4 14. Nxd4 Nc5 15. Qe3 Bg6 16. Rfd1 Qb8 17. Bf3 a5 18. Nb5 Bc2 19. Rd4 Ba4 20. Nbd6 Qc7 21. Rc1 Bc6 22. Na3 Bxf3 23. Qxf3 Bxd6 24. Nb5 Qb6 25. Nxd6 Nb3 26. Rg4 Nxc1 27. Rxg7+ 1/2-1/2

[Event "2BLN 2324 SV Glückauf Rüdersdorf - Ham"]
[Site "?"]
[Date "2024.03.16"]
[Round "9.7"]
[White "Bracker, Frank"]
[Black "Sroczynski, Maciej"]
[Result "1-0"]
[WhiteElo "2295"]
[BlackElo "2262"]
[PlyCount "117"]
[EventDate "2024.??.??"]

1. Nf3 c5 2. c4 g6 3. g3 Bg7 4. Bg2 Nc6 5. Nc3 e6 6. h4 h6 7. d4 cxd4 8. Nb5 d6 9. Nfxd4 Nxd4 10. Nxd4 a6 11. O-O Ne7 12. b3 O-O 13. Bb2 Qc7 14. Qd2 Rd8 15. Rac1 Rb8 16. Rfd1 b6 17. Nf3 Bxb2 18. Qxb2 e5 19. Qd2 e4 20. Nd4 d5 21. cxd5 Qe5 22. Qxh6 Rxd5 23. Qf4 Qxf4 24. gxf4 f5 25. e3 Bd7 26. f3 exf3 27. Nxf3 Be8 28. Nd4 Rd6 29. Rc7 Rd7 30. Rxd7 Bxd7 31. Nf3 Be8 32. Rd6 a5 33. Ne5 b5 34. Ra6 a4 35. Ra8 Rxa8 36. Bxa8 Kg7 37. Kf2 axb3 38. axb3 Kf6 39. Ke2 Ke6 40. Kd3 Kd6 41. Kd4 Ng8 42. Bd5 Ne7 43. Bb7 Ng8 44. b4 Nf6 45. Bf3 Ng8 46. Bd5 Ne7 47. Bb3 Nc8 48. Bf7 Bxf7 49. Nxf7+ Ke6 50. Ne5 Ne7 51. Kc5 Kf6 52. Kxb5 Nd5 53. Nc4 Kg7 54. Kc5 Nc3 55. b5 Kh6 56. b6 Na4+ 57. Kb5 Nxb6 58. Kxb6 Kh5 59. Ne5 1-0

[Event "2BLN 2324 SV Glückauf Rüdersdorf - Ham"]
[Site "?"]
[Date "2024.03.16"]
[Round "9.8"]
[White "Mickiewicz, Piotr"]
[Black "Bracker, Arne"]
[Result "1-0"]
[WhiteElo "2242"]
[BlackElo "2308"]
[PlyCount "63"]
[EventDate "2024.??.??"]

1. Nf3 Nf6 2. c4 e6 3. g3 d5 4. b3 Be7 5. Bg2 O-O 6. O-O b6 7. Bb2 Bb7 8. e3 c5 9. Nc3 Qc8 10. Qe2 Rd8 11. Rac1 Nc6 12. Rfd1 d4 13. exd4 Nxd4 14. Nxd4 cxd4 15. Nd5 Qd7 16. Nxe7+ Qxe7 17. Bxb7 Qxb7 18. Re1 Rac8 19. b4 Qa6 20. b5 Qa4 21. d3 a6 22. bxa6 Qxa6 23. Rb1 h5 24. Bc1 Rc5 25. Qb2 Qa8 26. Qxb6 Nd7 27. Qb7 Qxa2 28. Bb2 Ne5 29. Ra1 Nf3+ 30. Kh1 Nxe1 31. Rxa2 Nxd3 32. Ra8 1-0

[Event "2BLN 2324 SF Berlin - FC St. Pauli"]
[Site "?"]
[Date "2024.03.16"]
[Round "9.1"]
[White "Socko, Bartosz"]
[Black "Tomczak, Jacek"]
[Result "1-0"]
[WhiteElo "2555"]
[BlackElo "2592"]
[PlyCount "89"]
[EventDate "2024.??.??"]

1. e4 c5 2. Nf3 e6 3. g3 Nc6 4. Bg2 Nf6 5. Qe2 e5 6. O-O Be7 7. Nc3 d6 8. Nd5 Nxd5 9. exd5 Nd4 10. Nxd4 cxd4 11. f4 Bf6 12. c4 dxc3 13. fxe5 dxe5 14. dxc3 O-O 15. Be3 b6 16. c4 Ba6 17. b4 Bg5 18. Rac1 Rc8 19. Bxg5 Qxg5 20. d6 Rcd8 21. Rcd1 Bc8 22. Qd2 Qg6 23. c5 bxc5 24. bxc5 e4 25. Rfe1 Bg4 26. Bxe4 f5 27. Qd5+ Kh8 28. Bf3 f4 29. Bxg4 Qxg4 30. Qe4 h5 31. Rf1 Rde8 32. Qf3 Qg5 33. Rd5 Re5 34. Rfd1 Rd8 35. Rxe5 Qxe5 36. Rd5 Qe1+ 37. Kg2 g6 38. Qxf4 Qe2+ 39. Qf2 Qe4+ 40. Qf3 Qe6 41. Qc3+ Kh7 42. Qe5 Qg4 43. Qe7+ Kh6 44. Qe3+ Kh7 45. Re5 1-0

[Event "2BLN 2324 SF Berlin - FC St. Pauli"]
[Site "?"]
[Date "2024.03.16"]
[Round "9.2"]
[White "Moranda, Wojciech"]
[Black "Janik, Igor"]
[Result "1/2-1/2"]
[WhiteElo "2557"]
[BlackElo "2497"]
[PlyCount "81"]
[EventDate "2024.??.??"]

1. d4 Nf6 2. c4 e6 3. Nc3 Bb4 4. f3 c5 5. d5 O-O 6. e4 d6 7. Nge2 b5 8. Ng3 a6 9. Be3 exd5 10. cxd5 Nbd7 11. Be2 c4 12. O-O Bc5 13. Bxc5 Nxc5 14. b4 cxb3 15. axb3 b4 16. Nb5 Qb6 17. Kh1 Bd7 18. Nd4 Rfe8 19. Qd2 a5 20. Rab1 Re5 21. Bc4 g6 22. Qf4 Ne8 23. Rbd1 a4 24. Nc6 Bxc6 25. dxc6 Qc7 26. bxa4 Nxa4 27. Rb1 Rb8 28. Ne2 Nb6 29. Bb3 Rc5 30. Rfc1 Rxc1+ 31. Rxc1 Qe7 32. Qd2 Nc8 33. Nf4 Qg5 34. g3 Nc7 35. Rc2 Qf6 36. Kg2 Ne7 37. Rc4 Ne6 38. Nd3 Rc8 39. Qa2 Nc5 40. Nxb4 Kg7 41. Bd1 1/2-1/2

[Event "2BLN 2324 SF Berlin - FC St. Pauli"]
[Site "?"]
[Date "2024.03.16"]
[Round "9.3"]
[White "Feuerstack, Aljoscha"]
[Black "Neiksans, Arturs"]
[Result "0-1"]
[WhiteElo "2471"]
[BlackElo "2585"]
[PlyCount "78"]
[EventDate "2024.??.??"]

1. e4 c5 2. Nf3 e6 3. d4 cxd4 4. Nxd4 Nc6 5. Bf4 Nf6 6. Nb5 e5 7. Bg5 d6 8. Bc4 Be6 9. Nd2 a6 10. Bxf6 gxf6 11. Nc3 Bg7 12. Qh5 O-O 13. O-O Rc8 14. Bb3 Nd4 15. Nf3 f5 16. exf5 Bxf5 17. Nxd4 Bg6 18. Qg4 exd4 19. Nd5 Kh8 20. Rad1 Bxc2 21. Bxc2 Rxc2 22. b4 Qc8 23. Qf3 Rxa2 24. Rfe1 Rc2 25. Qf4 Qc4 26. Qf5 Re2 27. Nf6 Qc2 28. Qf3 Rxe1+ 29. Rxe1 Qc3 30. Qxc3 dxc3 31. Nd5 Rc8 32. Rc1 a5 33. bxa5 Rc5 34. Ne3 Rxa5 35. g3 Bd4 36. Nc2 Bc5 37. Ne1 Ra3 38. Rb1 Ra2 39. Nd3 Rd2 0-1

[Event "2BLN 2324 SF Berlin - FC St. Pauli"]
[Site "?"]
[Date "2024.03.16"]
[Round "9.4"]
[White "Blohberger, Felix"]
[Black "Krause, Benedict"]
[Result "1/2-1/2"]
[WhiteElo "2531"]
[BlackElo "2406"]
[PlyCount "83"]
[EventDate "2024.??.??"]

1. Nf3 Nf6 2. c4 g6 3. Nc3 Bg7 4. e4 e5 5. Nxe5 O-O 6. Nf3 Re8 7. Bd3 Nxe4 8. Bxe4 Bxc3 9. dxc3 Rxe4+ 10. Be3 Nc6 11. Qd5 Qe7 12. O-O d6 13. Bg5 Qe6 14. Rfe1 f5 15. Rxe4 fxe4 16. Nd2 Qxd5 17. cxd5 Ne5 18. Nxe4 Bf5 19. Nd2 Nd3 20. b3 a5 21. f3 a4 22. g4 Bd7 23. Rd1 axb3 24. axb3 Ra2 25. Kf1 Kf7 26. Ke2 Ne5 27. Rc1 c6 28. c4 h5 29. gxh5 gxh5 30. Bf4 cxd5 31. Bxe5 dxe5 32. cxd5 Ke7 33. Ke3 Ra5 34. Rc7 Rb5 35. Nc4 Rxb3+ 36. Ke4 Kd8 37. d6 Rc3 38. Nxe5 Rxc7 39. dxc7+ Kxc7 40. Kd5 b5 41. f4 Kd8 42. Nf7+ 1/2-1/2

[Event "2BLN 2324 SF Berlin - FC St. Pauli"]
[Site "?"]
[Date "2024.03.16"]
[Round "9.5"]
[White "Socko, Monika"]
[Black "Kaasen, Tor Fredrik"]
[Result "1/2-1/2"]
[WhiteElo "2423"]
[BlackElo "2449"]
[PlyCount "54"]
[EventDate "2024.??.??"]

1. d4 d5 2. Nf3 Nf6 3. g3 g6 4. Bg2 Bg7 5. O-O O-O 6. c4 c6 7. b3 Bf5 8. Nc3 Ne4 9. Bb2 Nd7 10. cxd5 Nxc3 11. Bxc3 cxd5 12. Rc1 Qb6 13. Nh4 Nf6 14. Nxf5 gxf5 15. e3 Rfc8 16. Qd2 Ne4 17. Bxe4 fxe4 18. Bb4 Bf8 19. Ba3 Qa6 20. Rxc8 Rxc8 21. Rc1 Rxc1+ 22. Qxc1 Qe2 23. Qc8 Qd1+ 24. Kg2 Qf3+ 25. Kg1 Qd1+ 26. Kg2 Qf3+ 27. Kg1 Qd1+ 1/2-1/2

[Event "2BLN 2324 SF Berlin - FC St. Pauli"]
[Site "?"]
[Date "2024.03.16"]
[Round "9.6"]
[White "Sorensen, Hampus"]
[Black "Ertan, Can"]
[Result "0-1"]
[WhiteElo "2428"]
[BlackElo "2363"]
[PlyCount "80"]
[EventDate "2024.??.??"]

1. e4 e5 2. Nf3 Nc6 3. Bc4 Bc5 4. c3 Nf6 5. d3 O-O 6. Bg5 a6 7. a4 h6 8. Bh4 d6 9. Nbd2 Be6 10. O-O Qe7 11. Re1 g5 12. Bg3 Ba7 13. b4 Rad8 14. b5 Na5 15. Ba2 Nh5 16. Nf1 Qf6 17. Ne3 Bxe3 18. Rxe3 Nf4 19. Ne1 d5 20. exd5 Bxd5 21. Qb1 axb5 22. axb5 b6 23. Bxd5 Nxd5 24. Rf3 Qg7 25. Ra3 f5 26. h3 h5 27. c4 g4 28. hxg4 hxg4 29. Rxf5 Rxf5 30. cxd5 Rxd5 31. Ra4 Rd4 32. Ra3 Qh6 33. Qa2+ Kf8 34. Rc3 Rh5 35. Kf1 e4 36. Qa3+ Ke8 37. Ke2 Rh1 38. Qa2 Qg6 39. Bf4 exd3+ 40. Nxd3 Qe4+ 0-1

[Event "2BLN 2324 SF Berlin - FC St. Pauli"]
[Site "?"]
[Date "2024.03.16"]
[Round "9.7"]
[White "Sawatzki, Frank"]
[Black "Schmidek, Emil"]
[Result "1/2-1/2"]
[WhiteElo "2354"]
[BlackElo "2439"]
[PlyCount "95"]
[EventDate "2024.??.??"]

1. e4 c6 2. d4 d5 3. e5 Bf5 4. h4 h5 5. Bd3 Bxd3 6. Qxd3 Qa5+ 7. Nd2 e6 8. Ngf3 Ne7 9. O-O Nf5 10. Nb3 Qb5 11. Qd1 c5 12. dxc5 Bxc5 13. a4 Qb6 14. Nxc5 Qxc5 15. c3 Nd7 16. Re1 Qc4 17. b3 Qc7 18. Ba3 a6 19. Rc1 Rd8 20. c4 d4 21. Rc2 Nc5 22. Rd2 Qa5 23. g3 O-O 24. Bxc5 Qxc5 25. Ng5 g6 26. Qf3 b5 27. axb5 axb5 28. cxb5 Qxb5 29. Qf4 Qxb3 30. Ne4 Kg7 31. Red1 Qb4 32. Rd3 Qe7 33. Nf6 Rh8 34. Qe4 Rc8 35. Rb3 Rc7 36. Rdb1 Rd8 37. Rb8 Qf8 38. Rxd8 Qxd8 39. Qf4 d3 40. Qg5 Kh8 41. Qd2 Kg7 42. Qg5 Kh8 43. Qd2 Rc2 44. Qxd3 Qxd3 45. Rb8+ Kg7 46. Rg8+ Kh6 47. Rh8+ Kg7 48. Rg8+ 1/2-1/2

[Event "2BLN 2324 SF Berlin - FC St. Pauli"]
[Site "?"]
[Date "2024.03.16"]
[Round "9.8"]
[White "Jakubowski, Krzysztof"]
[Black "Mueller, Fabian"]
[Result "1-0"]
[WhiteElo "2460"]
[BlackElo "2260"]
[PlyCount "69"]
[EventDate "2024.??.??"]

1. e4 c5 2. Nf3 Nc6 3. d4 cxd4 4. Nxd4 e5 5. Nb5 d6 6. N1c3 a6 7. Na3 b5 8. Nd5 Nf6 9. Bg5 Be7 10. Bxf6 Bxf6 11. c3 Bg5 12. Nc2 Rb8 13. g3 O-O 14. h4 Bh6 15. Bh3 Be6 16. Ncb4 Nxb4 17. Nxb4 Qb6 18. Bxe6 fxe6 19. O-O Rf6 20. Nd3 Rbf8 21. Qe2 Qc6 22. Rad1 Qc4 23. a3 Rf3 24. Kg2 d5 25. Rfe1 Be3 26. fxe3 Qxe4 27. Kh2 Qf5 28. Qg2 h6 29. Qh3 Qf6 30. Rd2 Rf7 31. h5 e4 32. Nf4 e5 33. Qc8+ Kh7 34. Ng6 Rf2+ 35. Kh3 1-0

[Event "2BLN 2324 SK Zehlendorf - HSK Lister Tur"]
[Site "?"]
[Date "2024.03.16"]
[Round "9.1"]
[White "Polster, Christian"]
[Black "Baskin, Robert"]
[Result "0-1"]
[WhiteElo "2265"]
[BlackElo "2461"]
[PlyCount "70"]
[EventDate "2024.??.??"]

1. e4 e6 2. d4 d5 3. Bd3 dxe4 4. Bxe4 Nf6 5. Bf3 c5 6. Ne2 Nc6 7. Be3 cxd4 8. Nxd4 Ne5 9. Nc3 Be7 10. Ndb5 Bd7 11. Nd6+ Bxd6 12. Qxd6 Nxf3+ 13. gxf3 Bc6 14. Qe5 Qb8 15. Qxb8+ Rxb8 16. Bxa7 Ra8 17. Bd4 Bxf3 18. Rg1 Nh5 19. a4 e5 20. Bb6 f6 21. Nb5 Kf7 22. Ra3 Bc6 23. Na7 Be4 24. Rc3 g5 25. f3 Bd5 26. Rc7+ Kg6 27. Kf2 Nf4 28. Rd1 g4 29. fxg4 h5 30. c4 hxg4 31. cxd5 Rxh2+ 32. Kf1 Rah8 33. Rc3 Rg2 34. d6 Rh1+ 35. Bg1 Rhxg1# 0-1

[Event "2BLN 2324 SK Zehlendorf - HSK Lister Tur"]
[Site "?"]
[Date "2024.03.16"]
[Round "9.2"]
[White "Lagunow, Raphael"]
[Black "Gentemann, Moritz"]
[Result "1-0"]
[WhiteElo "2421"]
[BlackElo "2276"]
[PlyCount "103"]
[EventDate "2024.??.??"]

1. e4 c5 2. Nf3 d6 3. d4 cxd4 4. Nxd4 Nf6 5. Nc3 a6 6. Rg1 e5 7. Nb3 Be6 8. g4 d5 9. exd5 Nxd5 10. Nxd5 Qxd5 11. Qxd5 Bxd5 12. Be3 Nc6 13. c3 O-O-O 14. Nd2 Kb8 15. Bc4 Be7 16. Ke2 h6 17. Bxd5 Rxd5 18. Ne4 Kc7 19. Rg3 Nd8 20. Rf3 Rf8 21. b4 Ne6 22. Rd1 Rxd1 23. Kxd1 Bg5 24. Kc2 Bxe3 25. fxe3 Ng5 26. Nxg5 hxg5 27. e4 Kd6 28. c4 Ke6 29. c5 Kd7 30. Kb3 Kc6 31. Rd3 Rh8 32. h3 Rh6 33. Rf3 f6 34. Kc4 Rh8 35. Rd3 Kc7 36. a4 g6 37. b5 f5 38. b6+ Kc8 39. gxf5 gxf5 40. exf5 e4 41. Re3 Rf8 42. Rxe4 Rxf5 43. Re8+ Kd7 44. Rb8 Rf4+ 45. Kd5 Rf5+ 46. Kd4 Ke6 47. Rxb7 Rf4+ 48. Kc3 Kd5 49. Rc7 a5 50. b7 Rf3+ 51. Kd2 Rb3 52. c6 1-0

[Event "2BLN 2324 SK Zehlendorf - HSK Lister Tur"]
[Site "?"]
[Date "2024.03.16"]
[Round "9.3"]
[White "Hoerstmann, Martin"]
[Black "Sawlin, Leonid"]
[Result "1/2-1/2"]
[WhiteElo "2225"]
[BlackElo "2404"]
[PlyCount "103"]
[EventDate "2024.??.??"]

1. Nf3 d5 2. g3 Nf6 3. Bg2 e6 4. c4 Be7 5. O-O O-O 6. d4 c6 7. Qc2 b6 8. Nbd2 Na6 9. a3 Bb7 10. b4 Rc8 11. c5 Nd7 12. e4 e5 13. cxb6 axb6 14. dxe5 d4 15. Bb2 c5 16. b5 Nc7 17. a4 Ne6 18. Nc4 Qc7 19. h4 Rfd8 20. Rfe1 Bf8 21. Bh3 Re8 22. Qb3 h6 23. Bc1 g6 24. Bf4 Rcd8 25. Re2 Bg7 26. Rc1 Ndf8 27. Ne1 g5 28. hxg5 hxg5 29. Bd2 d3 30. Re3 Nd4 31. Qd1 Ne2+ 32. Rxe2 dxe2 33. Qxe2 Ne6 34. Nf3 Nd4 35. Nxd4 Rxd4 36. Bf5 Bxe5 37. Bxg5 Bg7 38. Qg4 Rexe4 39. Bxe4 Rxe4 40. Bf4 Qe7 41. Ne3 Qe8 42. Nf5 Qf8 43. Nd6 Qxd6 44. Qxg7+ Kxg7 45. Bxd6 Rxa4 46. Bc7 Rb4 47. Bxb6 Rxb5 48. Bxc5 Kg6 49. Be3 Rh5 50. Kf1 Bf3 51. Ke1 Rd5 52. Bd2 {(=)} 1/2-1/2

[Event "2BLN 2324 SK Zehlendorf - HSK Lister Tur"]
[Site "?"]
[Date "2024.03.16"]
[Round "9.4"]
[White "Brodowski, Piotr"]
[Black "Antonov, Alexander"]
[Result "1-0"]
[WhiteElo "2435"]
[BlackElo "2228"]
[PlyCount "109"]
[EventDate "2024.??.??"]

1. Nf3 d5 2. e3 Nf6 3. c4 dxc4 4. Bxc4 e6 5. b3 c5 6. Bb2 Nc6 7. Nc3 Be7 8. Rg1 a6 9. g4 b5 10. Be2 e5 11. g5 Nd5 12. Ne4 Bf5 13. Ng3 Bg6 14. h4 Ndb4 15. e4 h5 16. d3 Nd4 17. Nxd4 cxd4 18. a3 Nc6 19. Rc1 Rc8 20. Kf1 b4 21. axb4 Nxb4 22. Rh1 Rxc1 23. Bxc1 Qc8 24. Bd2 Na2 25. Bf3 Nc3 26. Qa1 Qc6 27. Qa5 Nb5 28. Kg2 Qe6 29. Ra1 Qxb3 30. Qxa6 O-O 31. Qa2 Qxa2 32. Rxa2 f6 33. Bxh5 Bf7 34. Bxf7+ Kxf7 35. Nf5 Ba3 36. gxf6 Kxf6 37. Rc2 Kg6 38. Rc6+ Rf6 39. Rc8 Bf8 40. Rb8 Na7 41. Bg5 Rf7 42. Re8 Kh7 43. Rxe5 Nc6 44. Rd5 Nb4 45. Rxd4 Bc5 46. Rd8 Bxf2 47. Nd6 Ra7 48. Kxf2 Nxd3+ 49. Ke3 Ne5 50. Nf5 Ra3+ 51. Ke2 Ra4 52. Rd4 Ra2+ 53. Bd2 g6 54. Ne3 Kh6 55. Ng4+ 1-0

[Event "2BLN 2324 SK Zehlendorf - HSK Lister Tur"]
[Site "?"]
[Date "2024.03.16"]
[Round "9.5"]
[White "Bleecke, Sebastian"]
[Black "Stachowiak, Kamil"]
[Result "0-1"]
[WhiteElo "2209"]
[BlackElo "2434"]
[PlyCount "98"]
[EventDate "2024.??.??"]

1. e4 c5 2. Nf3 e6 3. d4 cxd4 4. Nxd4 a6 5. c4 Qc7 6. Nc3 b6 7. a3 Bb7 8. Bd3 Nf6 9. f4 Nc6 10. Nxc6 Qxc6 11. Qe2 Bc5 12. Be3 Bxe3 13. Qxe3 d6 14. O-O-O O-O-O 15. Kb1 Kb8 16. Qe2 Nd7 17. Rhe1 Qc7 18. h4 g6 19. g4 h6 20. Qd2 g5 21. fxg5 hxg5 22. h5 Ne5 23. Be2 Rhg8 24. Qd4 Qc6 25. b3 Rd7 26. Kb2 Rc8 27. Rc1 Qc5 28. Qd2 Rg8 29. Rf1 Qc7 30. Rce1 Bc6 31. Qd4 Bb7 32. Rd1 Qc5 33. Qxc5 bxc5 34. b4 cxb4 35. axb4 Kc7 36. Kb3 Kd8 37. b5 Ke7 38. Ra1 Rb8 39. Ra4 Rc7 40. Rb4 axb5 41. Nxb5 Rd7 42. Nc3 Ra8 43. Rd1 Bc6 44. Rb6 Rda7 45. Rb1 Rc8 46. Rd1 Nd7 47. Nb5 Raa8 48. Rxc6 Rxc6 49. e5 Nxe5 0-1

[Event "2BLN 2324 SK Zehlendorf - HSK Lister Tur"]
[Site "?"]
[Date "2024.03.16"]
[Round "9.6"]
[White "Meister, Jakob"]
[Black "Hoerstmann, Rudi"]
[Result "1/2-1/2"]
[WhiteElo "2420"]
[BlackElo "2245"]
[PlyCount "150"]
[EventDate "2024.??.??"]

1. c4 g6 2. Nc3 Bg7 3. g3 c5 4. Bg2 Nc6 5. d3 e6 6. Nh3 Nge7 7. Nf4 a6 8. O-O Rb8 9. Bd2 b5 10. Rb1 d6 11. a3 O-O 12. cxb5 axb5 13. b4 cxb4 14. axb4 Ne5 15. Ra1 Bb7 16. Ne4 Ra8 17. Rxa8 Bxa8 18. Qb3 Bc6 19. Bc3 Qd7 20. Ra1 Bxe4 21. Bxe4 d5 22. Bg2 Rc8 23. d4 Nc4 24. Nd3 Qe8 25. Ra6 Ra8 26. Qa2 Rxa6 27. Qxa6 Qc6 28. Qa1 Nb6 29. Nc5 Qa8 30. Qa5 Qc6 31. e3 Nf5 32. Qa7 Bf6 33. Bf1 Nd6 34. Bd3 Ndc8 35. Qa6 Nd6 36. Be1 Kg7 37. f4 h5 38. Kf2 Bd8 39. Ke2 Bf6 40. h3 Bd8 41. g4 hxg4 42. hxg4 Qe8 43. Qa7 Qe7 44. Qa6 Qe8 45. Bg3 Ndc4 46. Qa7 Be7 47. Bf2 Kf8 48. Kf3 Qa8 49. Qxa8+ Nxa8 50. f5 gxf5 51. gxf5 Nc7 52. Bg3 Bd6 53. Bh4 Be7 54. Be1 Bd6 55. Nb7 Be7 56. Nc5 Bd6 57. Ke2 Nb2 58. Bc2 Nc4 59. Bh4 Be7 60. Bf2 Bd6 61. Bd3 Nb2 62. Bb1 Nc4 63. Be1 Na3 64. Bd3 Nc4 65. e4 dxe4 66. Nxe4 Bh2 67. Nc5 Bg1 68. Bg3 Nd5 69. fxe6 fxe6 70. Nxe6+ Ke7 71. Nc7 Nxc7 72. Bxc7 Bxd4 73. Bg3 Bc3 74. Be1 Bxe1 75. Kxe1 Kd6 1/2-1/2

[Event "2BLN 2324 SK Zehlendorf - HSK Lister Tur"]
[Site "?"]
[Date "2024.03.16"]
[Round "9.7"]
[White "Yaghy, Ritta."]
[Black "Lagunow, Alexander"]
[Result "0-1"]
[WhiteElo "1995"]
[BlackElo "2350"]
[PlyCount "44"]
[EventDate "2024.??.??"]

1. e4 c5 2. Nf3 d6 3. d4 cxd4 4. Nxd4 Nf6 5. Nc3 Nc6 6. Be2 e5 7. Nb3 Be7 8. Be3 O-O 9. O-O a5 10. Nc1 a4 11. b3 Qa5 12. Nd5 Nxd5 13. exd5 Qc3 14. Rb1 Nb4 15. Bd2 Qxc2 16. Bxb4 Qxb1 17. Bd3 Qb2 18. Ne2 e4 19. Bxe4 Bf6 20. Bb1 Re8 21. Ng3 Qd4 22. Qc2 Qxb4 0-1

[Event "2BLN 2324 SK Zehlendorf - HSK Lister Tur"]
[Site "?"]
[Date "2024.03.16"]
[Round "9.8"]
[White "Morczynski, Joachim"]
[Black "Braeutigam, Mike"]
[Result "1/2-1/2"]
[WhiteElo "1974"]
[BlackElo "1940"]
[PlyCount "91"]
[EventDate "2024.??.??"]

1. e4 c6 2. d4 d5 3. e5 c5 4. c4 cxd4 5. Ne2 dxc4 6. Nxd4 Qa5+ 7. Nc3 Qxe5+ 8. Be3 e6 9. Bxc4 Nf6 10. O-O Be7 11. Ncb5 Nc6 12. Nxc6 bxc6 13. Qf3 O-O 14. Nxa7 Bd7 15. Nxc6 Bxc6 16. Qxc6 Ng4 17. g3 Nxe3 18. fxe3 Rac8 19. Qb7 Qxe3+ 20. Kh1 Rxc4 21. Qxe7 Qe4+ 22. Kg1 Rc2 23. Rf2 Qd4 24. Raf1 Rxb2 25. a3 e5 26. Kg2 Qd5+ 27. Kh3 Rxf2 28. Rxf2 Qa8 29. Rc2 Re8 30. Qd7 e4 31. Rc7 Rf8 32. Ra7 Qd8 33. Qxd8 Rxd8 34. Kg2 g6 35. Kf2 Kg7 36. Ke3 h6 37. a4 Rd6 38. a5 Kf6 39. Rb7 Kg7 40. Rb6 Rd5 41. a6 f5 42. Kf4 Ra5 43. Rb4 Kf6 44. Rb6+ Kf7 45. Rb7+ Kf6 46. Rb6+ 1/2-1/2

[Event "2BLN 2324 SC Rotation Pankow - SG AE Mag"]
[Site "?"]
[Date "2024.03.16"]
[Round "9.1"]
[White "Biastoch, Bennet"]
[Black "Glek, Igor"]
[Result "0-1"]
[WhiteElo "2220"]
[BlackElo "2403"]
[PlyCount "54"]
[EventDate "2024.??.??"]

1. e4 e6 2. d4 d5 3. e5 c5 4. c3 Nc6 5. Nf3 Nge7 6. dxc5 Ng6 7. Bb5 Bxc5 8. O-O O-O 9. Qe2 f6 10. b4 Be7 11. exf6 Bxf6 12. Be3 e5 13. Rd1 Kh8 14. Nbd2 Qe8 15. Nf1 a6 16. Ba4 Bg4 17. h3 Bxf3 18. Qxf3 d4 19. cxd4 exd4 20. Bd2 Bh4 21. Bxc6 bxc6 22. Qg4 Bxf2+ 23. Kh1 Rd8 24. Rac1 Rd5 25. Ng3 Ne5 26. Qh4 Nd3 27. Qe4 Nxc1 0-1

[Event "2BLN 2324 SC Rotation Pankow - SG AE Mag"]
[Site "?"]
[Date "2024.03.16"]
[Round "9.2"]
[White "Dauth, Benjamin"]
[Black "Malek, Daniel"]
[Result "1-0"]
[WhiteElo "2216"]
[BlackElo "2278"]
[PlyCount "99"]
[EventDate "2024.??.??"]

1. e4 e5 2. Bc4 Nf6 3. d3 c6 4. Nf3 d5 5. Bb3 a5 6. Nc3 Bb4 7. a3 Bxc3+ 8. bxc3 a4 9. Ba2 Qc7 10. exd5 cxd5 11. O-O O-O 12. Bg5 Nbd7 13. Qd2 Ra5 14. Rfe1 Rc5 15. Bxf6 Nxf6 16. Nxe5 Be6 17. c4 dxc4 18. d4 Ra5 19. c3 b5 20. Bb1 Qd6 21. Qb2 Nd5 22. Be4 f6 23. Bxd5 Qxd5 24. Nf3 Raa8 25. Re3 Rae8 26. Rae1 Bd7 27. Qb4 Rxe3 28. Rxe3 Re8 29. Rxe8+ Bxe8 30. Qe7 Bc6 31. Ne1 h5 32. f3 Qg5 33. Qe6+ Kh7 34. Qxc6 Qe3+ 35. Kf1 Qxc3 36. Qxb5 Kh6 37. Qxa4 Qxd4 38. Qc2 c3 39. Qd3 Qc5 40. Nc2 g5 41. Qd4 Qc6 42. Ke2 Qb5+ 43. Kf2 Qc6 44. h4 gxh4 45. Qxh4 Kg7 46. Qxh5 Qb6+ 47. Kg3 Qd6+ 48. Kh3 Qd3 49. Qg4+ Kf7 50. Qe4 1-0

[Event "2BLN 2324 SC Rotation Pankow - SG AE Mag"]
[Site "?"]
[Date "2024.03.16"]
[Round "9.3"]
[White "Andre, Gordon"]
[Black "Neumeier, Lars"]
[Result "1/2-1/2"]
[WhiteElo "2303"]
[BlackElo "2330"]
[PlyCount "72"]
[EventDate "2024.??.??"]

1. c4 Nf6 2. Nc3 g6 3. d4 Bg7 4. e4 d6 5. f3 O-O 6. Nge2 a6 7. a4 Nbd7 8. Bg5 c5 9. d5 Qa5 10. Ng3 Re8 11. Be2 h6 12. Bd2 Qc7 13. O-O b6 14. f4 e6 15. dxe6 Rxe6 16. Qc2 Re8 17. h4 Nf8 18. h5 Qd8 19. hxg6 fxg6 20. Rae1 Ng4 21. Bxg4 Bxg4 22. e5 dxe5 23. f5 Qh4 24. Nce4 gxf5 25. Nxf5 Bxf5 26. Rxf5 Ne6 27. Qd1 Nf4 28. Nd6 Rf8 29. Bxf4 exf4 30. Qd5+ Kh7 31. Re4 Rad8 32. Rxf8 Rxf8 33. Nf5 Qg5 34. Nxg7 Qxd5 35. cxd5 Kxg7 36. Kf2 Rf5 {(=)} 1/2-1/2

[Event "2BLN 2324 SC Rotation Pankow - SG AE Mag"]
[Site "?"]
[Date "2024.03.16"]
[Round "9.4"]
[White "Mueller, Michael"]
[Black "Melamed, Tatjana"]
[Result "1-0"]
[WhiteElo "2227"]
[BlackElo "2354"]
[PlyCount "69"]
[EventDate "2024.??.??"]

1. d4 Nf6 2. c4 e6 3. Nc3 Bb4 4. f3 d5 5. a3 Bxc3+ 6. bxc3 O-O 7. e3 b6 8. cxd5 exd5 9. Bd3 Ba6 10. Ne2 c5 11. O-O Re8 12. Ng3 Bxd3 13. Qxd3 Nc6 14. Bb2 c4 15. Qe2 h5 16. Rae1 b5 17. Qc2 a5 18. e4 Qb6 19. Kh1 b4 20. e5 bxc3 21. Bxc3 Nh7 22. Nxh5 Qb3 23. Qc1 Na7 24. Re3 Nb5 25. f4 Qxa3 26. Bb2 Qe7 27. Rg3 g6 28. f5 Ra6 29. e6 Kh8 30. exf7 gxh5 31. fxe8=Q+ Qxe8 32. f6 Nd6 33. Rg7 Nf7 34. Qb1 Nxf6 35. Rxf6 1-0

[Event "2BLN 2324 SC Rotation Pankow - SG AE Mag"]
[Site "?"]
[Date "2024.03.16"]
[Round "9.5"]
[White "Armbrust, Florian"]
[Black "Seils, Joerg"]
[Result "1-0"]
[WhiteElo "2282"]
[BlackElo "2308"]
[PlyCount "111"]
[EventDate "2024.??.??"]

1. e4 Nf6 2. Nc3 d5 3. e5 Nfd7 4. f4 e6 5. d4 c5 6. Nce2 cxd4 7. Nxd4 Nc6 8. Ngf3 Be7 9. c3 O-O 10. Bd3 Nc5 11. Bc2 f5 12. exf6 Bxf6 13. O-O Bd7 14. Be3 b6 15. Qe2 Qe7 16. Nxc6 Bxc6 17. Bd4 Bb7 18. Qe3 Rad8 19. a4 Bxd4 20. Nxd4 Ne4 21. a5 e5 22. fxe5 Qxe5 23. axb6 axb6 24. Nf3 Qc7 25. Qd4 Rf6 26. Ra7 Qb8 27. Rxb7 Qxb7 28. Bxe4 dxe4 29. Qxd8+ Rf8 30. Qd1 exf3 31. Rxf3 Re8 32. Qb3+ Kh8 33. Qf7 Qb8 34. h3 h6 35. Qg6 Rd8 36. Rd3 Rf8 37. Qd6 Qe8 38. Kh2 Rf6 39. Qd8 Qxd8 40. Rxd8+ Kh7 41. Kg3 g5 42. Rd2 Kg6 43. Rf2 Re6 44. Kf3 h5 45. Re2 g4+ 46. hxg4 hxg4+ 47. Kf2 Rd6 48. Ke3 Kg5 49. c4 Re6+ 50. Kd3 Rd6+ 51. Kc3 g3 52. b4 Kf5 53. c5 bxc5 54. b5 Re6 55. Rb2 Ke5 56. b6 1-0